LEADER 01538oam 2200457 a 450 001 9910697672003321 005 20081007150812.0 035 $a(CKB)5470000002390240 035 $a(OCoLC)261121481 035 $a(EXLCZ)995470000002390240 100 $a20081007d2008 ua 0 101 0 $aeng 135 $aurbn||||||||| 181 $ctxt$2rdacontent 182 $cc$2rdamedia 183 $acr$2rdacarrier 200 10$aTom Lantos Block Burmese JADE (Junta's Anti-Democratic Efforts) Act of 2008$b[electronic resource] 210 1$a[Washington, D.C.] :$c[U.S. G.P.O.],$d[2008] 215 $a1 electronic text (17 unnumbered pages) $cHTML, digital, PDF file 300 $aTitle from title screen (viewed on Oct. 7, 2008). 300 $a"July 29, 2008 (H.R. 3890)." 300 $a"122 Stat. 2632." 300 $a"Public Law 110-286." 517 $aTom Lantos Block Burmese JADE 606 $aEconomic sanctions, American$zBurma 606 $aHumanitarian assistance, American$zBurma 606 $aJade$xGovernment policy$zUnited States 606 $aHuman rights$zBurma 606 $aDemocracy$zBurma 615 0$aEconomic sanctions, American 615 0$aHumanitarian assistance, American 615 0$aJade$xGovernment policy 615 0$aHuman rights 615 0$aDemocracy 801 0$bGPO 801 1$bGPO 801 2$bGPO 906 $aBOOK 912 $a9910697672003321 996 $aTom Lantos Block Burmese JADE (Junta's Anti-Democratic Efforts) Act of 2008$93215054 997 $aUNINA LEADER 02267oam 2200553M 450 001 9910715576203321 005 20191116081232.2 035 $a(CKB)5470000002512290 035 $a(OCoLC)1065972745 035 $a(OCoLC)995470000002512290 035 $a(EXLCZ)995470000002512290 100 $a20070221d1822 ua 0 101 0 $aeng 135 $aurcn||||||||| 181 $ctxt$2rdacontent 182 $cc$2rdamedia 183 $acr$2rdacarrier 200 10$aMessage from the President of the United States, returning to the House of Representatives the act entitled "An Act for the Preservation and Repair of the Cumberland Road," with his objections thereto. May 4, 1822. Read, and ordered to lie on the table 210 1$a[Washington, D.C.] :$c[publisher not identified],$d1822. 215 $a1 online resource (3 pages) 225 1 $aHouse document / 17th Congress, 1st session. House ;$vno. 126 225 1 $a[United States congressional serial set ] ;$v[serial no. 69] 300 $aBatch processed record: Metadata reviewed, not verified. Some fields updated by batch processes. 300 $aFDLP item number not assigned. 606 $aExecutive-legislative relations 606 $aFederal government 606 $aImplied powers (Constitutional law) 606 $aBuildings$xRepair and reconstruction 606 $aRoads 606 $aMaintenance 606 $aRepairing 608 $aLegislative materials.$2lcgft 615 0$aExecutive-legislative relations. 615 0$aFederal government. 615 0$aImplied powers (Constitutional law) 615 0$aBuildings$xRepair and reconstruction. 615 0$aRoads. 615 0$aMaintenance. 615 0$aRepairing. 701 $aMonroe$b James$f1758-1831.$01387352 712 02$aUnited States.$bPresident (1817-1825 : Monroe) 801 0$bWYU 801 1$bWYU 801 2$bOCLCO 801 2$bOCLCQ 906 $aBOOK 912 $a9910715576203321 996 $aMessage from the President of the United States, returning to the House of Representatives the act entitled "An Act for the Preservation and Repair of the Cumberland Road," with his objections thereto. May 4, 1822. Read, and ordered to lie on the table$93447816 997 $aUNINA